Apprenticeship indentures (Record no. 116751)
[ view plain ]
| 000 -LEADER | |
|---|---|
| fixed length control field | 00794ctm a22002055a 4500 |
| 001 - CONTROL NUMBER | |
| control field | L141685 |
| 008 - FIXED-LENGTH DATA ELEMENTS--GENERAL INFORMATION | |
| fixed length control field | 071213s1903 xxk eng u |
| 035 ## - SYSTEM CONTROL NUMBER | |
| System control number | (Sirsi) u141685 |
| 041 0# - LANGUAGE CODE | |
| Language code of text/sound track or separate title | eng |
| 245 00 - TITLE STATEMENT | |
| Title | Apprenticeship indentures |
| 260 ## - PUBLICATION, DISTRIBUTION, ETC. | |
| Date of publication, distribution, etc. | 26 March 1903 |
| 300 ## - PHYSICAL DESCRIPTION | |
| Extent | [4] p. |
| Dimensions | 39 x 25 cm., folded to 25 x 10 cm. |
| 340 ## - PHYSICAL MEDIUM | |
| Material base and configuration | Manuscript |
| 351 ## - ORGANIZATION AND ARRANGEMENT OF MATERIALS | |
| Hierarchical level | Single item |
| 500 ## - GENERAL NOTE | |
| General note | Document records the apprenticeship of Arthur Henry Davis of Ladbroke Grove to John Fairbourn Moon, Harry Fuller, Arthur Allen Brown and William Worsley Ashcroft, surveyors and auctioneers of Croydon. The indenture was registered in the books of the Surveyors' Institution on 12 October 1903. |
| 600 14 - SUBJECT ADDED ENTRY--PERSONAL NAME | |
| Personal name | Davis, Arthur Henry |
| 651 4# - SUBJECT ADDED ENTRY--GEOGRAPHIC NAME | |
| Geographic name | London |
| 690 ## - LOCAL SUBJECT ADDED ENTRY--TOPICAL TERM (OCLC, RLIN) | |
| Topical term or geographic name as entry element | ABOUT RICS-RICS MEMBERS |
| 942 ## - ADDED ENTRY ELEMENTS (KOHA) | |
| Suppress in OPAC | 0 |
| Withdrawn status | Lost status | Source of classification or shelving scheme | Damaged status | Not for loan | Home library | Current library | Shelving location | Date acquired | Total Checkouts | Full call number | Barcode | Date last seen | Copy number | Price effective from | Koha item type |
|---|---|---|---|---|---|---|---|---|---|---|---|---|---|---|---|
| Dewey Decimal Classification | London | London | Basement | 13/12/2007 | BASEMENT BOX 3 | 141685-1001 | 06/08/2019 | 1 | 06/08/2019 | Archive |